00757nam a2200253 a 4500001001300000003000900013005001700022008004100039020002300080082001300103100001700116245007300133260003400206300000900240500003500249505001000284650001400294650003000308700001700338902000800355942000700363952011600370999001700486nice12345678IN_TiNIC20260116014943.0050524s1982 newa grp 000 0 eng  a0553987 c16200a025bEIS aEisner, Will aRobert`s Rules of Orderb Standard Guide to Parliamentary Procedure. aNew YorkbBantam Books c1982 a228p aincludes index and biblioraphy2 aIndex aDirectory aUnited Kingdom-Parliament1 aEisner, Will bSRS cBK 001040708StackRoom-aHMIbHMId2007-03-15g162.00l0o025 EISp11001123r2007-03-15v162.00w2005-05-24yBK c17695d17695